Normal view
MARC view
Entry Personal Name
001 - CONTROL NUMBER
- control field: 23664
003 - CONTROL NUMBER IDENTIFIER
- control field: OSt
005 - DATE AND TIME OF LATEST TRANSACTION
- control field: 20151229122755.0
008 - FIXED-LENGTH DATA ELEMENTS
- fixed length control field: 151229|| aca||aabn | a|a d
040 ## - CATALOGING SOURCE
- Original cataloging agency: OSt
- Transcribing agency: OSt
100 ## - HEADING--PERSONAL NAME
- Personal name: Ratner, Joseph
670 ## - SOURCE DATA FOUND
- Source citation: Work cat.: (OSt)35017: Ratner, Joseph, Intelligence in the Modern World, 1939









